Vertriebene Sachsen

Titel: Vertriebene Sachsen : Flucht und Vertreibung im Zittauer Zipfel 1945 bis 1950 / Lars-Arne Dannenberg
Verfasser:
In: Sächsische Heimatblätter, Band 62, Heft 2 (2016), Seite 155-162
alle Artikel anzeigen
Veröffentlicht: 2016
Umfang: Illustrationen, Karten
Format: Aufsatz
Sprache: Deutsch
Schlagworte:
Kein Bild verfügbar
X
alg: 43046765
001A    $03025:09-05-18 
001B    $01999:09-05-18 $t22:47:42.000 
001C    $03025:09-05-18 $t11:37:53.000 
001D    $03025:09-05-18 
001U    $0utf8 
001X    $00 
002@    $0Aou 
002C    $aText $btxt $2rdacontent 
002D    $aohne Hilfsmittel zu benutzen $bn $2rdamedia 
002E    $aBand $bnc $2rdacarrier 
003@    $0430467656 
007A    $0430467656 $aHEB 
010@    $ager 
010E    $erda 
011@    $a2016 
021A    $aVertriebene Sachsen $dFlucht und Vertreibung im Zittauer Zipfel 1945 bis 1950 $hLars-Arne Dannenberg 
028A    $7139410341 $8Dannenberg, Lars-Arne$Z1971- [Tp1] $9216559804 
031A    $d62 $e2 $h155-162 $j2016 
034M    $aIllustrationen, Karten 
039B    $aEnthalten in $8--Abvc--. Sächsische Heimatblätter. - Niederjahna : Zentrum für Kultur, Geschichte, 1958-. - ISSN 0486-8234 $x201600000620002845 $9047686766 
044K    $#Sachsen $#Sachsen $#Sakska $#Sajonia $#Sasko $#Königreich Sachsen $#Kurfürstentum Sachsen $#Land Sachsen $#Kursachsen $#Freistaat Sachsen $#Free State of Saxony $#Saxe $#Saxony $#Chur-Sachsen $#Etat Libre de Saxe $#Republik Sachsen $74051176-5 $8Sachsen [Tg1] $9085142662 
044K    $74404453-7 $8Zittau$zRegion [Tg1] $9088553876 
044K    $RAuswanderung $RVertreibung $#Escapes $#Évasions $#Flucht $#Entweichen Flucht $#Entfliehen $74017598-4 $8Flucht [Ts1] $9085041114 
044K    $RFlucht $RUmsiedlung $#Forced migration $#Transferts de population $#Nettoyage ethnique $#Migración forzosa $#Vertreibung $#Zwangsumsiedlung $#Ethnische Säuberung $#Zwangsmigration $74063299-4 $8Vertreibung [Ts1] $9085177385 
045R    $aGeschichte 1945-1950 
045T    $a8,1 

lok: 43046765 78

exp: 43046765 78 1 #EPN
201B/01 $009-05-18 $t11:37:03.000 
201C/01 $009-05-18 
201U/01 $0utf8 
203@/01 $01021848069 
208@/01 $a09-05-18 $be 
209A/01 $a/ $f000 $x00 
209A/01 $ab*p $x01 
220C/01 $apgar 
244Z/01 $#Ostmitteleuropa $#Ostmitteleuropa $#Mitteleuropa, Ost $#Central Europe Ostmitteleuropa $#Mittelosteuropa $74075753-5 $8--Tg1--Ostmitteleuropa $x01 $9085214485 
247C/01 $82080>Marburg/Lahn, Herder-Institut, Forschungsbibliothek, Bibliographieportal $9336309341
LEADER 00000caa a2200000 c 4500
001 430467656
003 DE-603
005 20180509224742.0
007 tu
008 180509s2016 xx |||| | u00||u|ger c
035 |a (DE-599)HEB430467656 
040 |a DE-603  |b ger  |c DE-603  |d DE-603  |e rda 
041 |a ger 
084 |a 8,1  |2 ssgn 
100 1 |a Dannenberg, Lars-Arne  |d 1971-  |0 (DE-603)216559804  |0 (DE-588)139410341  |2 gnd 
245 0 0 |a Vertriebene Sachsen  |b Flucht und Vertreibung im Zittauer Zipfel 1945 bis 1950  |c Lars-Arne Dannenberg 
264 0 |c 2016 
300 |b Illustrationen, Karten 
336 |a Text  |b txt  |2 rdacontent 
337 |a ohne Hilfsmittel zu benutzen  |b n  |2 rdamedia 
338 |a Band  |b nc  |2 rdacarrier 
648 7 |a Geschichte 1945-1950  |2 gnd 
650 7 |a Flucht  |0 (DE-588)4017598-4  |0 (DE-603)085041114  |2 gnd 
650 7 |a Vertreibung  |0 (DE-588)4063299-4  |0 (DE-603)085177385  |2 gnd 
651 7 |a Sachsen  |0 (DE-588)4051176-5  |0 (DE-603)085142662  |2 gnd 
651 7 |a Zittau  |0 (DE-588)4404453-7  |0 (DE-603)088553876  |2 gnd 
773 0 8 |i Enthalten in  |t Sächsische Heimatblätter  |d Niederjahna : Zentrum für Kultur, Geschichte, 1958-  |x 0486-8234  |g Band 62, Heft 2 (2016), Seite 155-162  |w (DE-603)047686766  |w (DE-600)504423-6 
924 0 |9 2080  |a (DE-603)1021848069  |b DE-2080  |c HES  |d d  |g /